Faculty of Law Library — Cairo University

Official Online Catalog

مدى ملائمة التشريعات الوطنية والدولية لمكافحة الارهاب الدولي مع السياسة الجنائية/ (Record no. 37901)

MARC details
000 -LEADER
fixed length control field 01396nam a2200337 4500
003 - CONTROL NUMBER IDENTIFIER
control field EG-GICUC
005 - DATE AND TIME OF LATEST TRANSACTION
control field 20260121101053.0
008 - FIXED-LENGTH DATA ELEMENTS--GENERAL INFORMATION
fixed length control field 251027s2019 ua ||||fr|||| 00| 0 ara d
017 ## - COPYRIGHT OR LEGAL DEPOSIT NUMBER
Copyright or legal deposit number 201821844
020 ## - INTERNATIONAL STANDARD BOOK NUMBER
International Standard Book Number 9789777613095
040 ## - CATALOGING SOURCE
Original cataloging agency EG-GICUC
Language of cataloging ara
Transcribing agency EG-GICUC
Modifying agency EG-GICUC
Description conventions rda
041 0# - LANGUAGE CODE
Language code of text/sound track or separate title ara
082 04 - DEWEY DECIMAL CLASSIFICATION NUMBER
Edition number 21
Classification number 341.77
Item number ن ب . م
092 04 - LOCALLY ASSIGNED DEWEY CALL NUMBER (OCLC)
Edition number 21
099 ## - LOCAL FREE-TEXT CALL NUMBER (OCLC)
Classification number Law1 11 341.77 ن ب . م 1 ed - 2019
100 0# - MAIN ENTRY--PERSONAL NAME
Personal name نبيل العبيدي
Relator term مؤلف.
245 10 - TITLE STATEMENT
Title مدى ملائمة التشريعات الوطنية والدولية لمكافحة الارهاب الدولي مع السياسة الجنائية/
Statement of responsibility, etc. تأليف نبيل العبيدي،عواد العبيدي.
250 ## - EDITION STATEMENT
Edition statement الطبعة الاولى
264 #1 - PRODUCTION, PUBLICATION, DISTRIBUTION, MANUFACTURE, AND COPYRIGHT NOTICE
Place of production, publication, distribution, manufacture القاهرة:
Name of producer, publisher, distributor, manufacturer المركز القومي للاصدارات لقانونية،
Date of production, publication, distribution, manufacture, or copyright notice 2019.
300 ## - PHYSICAL DESCRIPTION
Extent 479؛صفحة
Dimensions 24 سم
336 ## - CONTENT TYPE
Source rda content
Content type term text
337 ## - MEDIA TYPE
Source rda media
Media type term Computer
338 ## - CARRIER TYPE
Source rda carrier
Carrier type term Online Resource
504 ## - BIBLIOGRAPHY, ETC. NOTE
Bibliography, etc. note يحتوي على ارجاعات ببليوجرافية<br/>يحتوي على قائمة بالمراجع
546 ## - LANGUAGE NOTE
Language note النص باللغة العربية
650 1# - SUBJECT ADDED ENTRY--TOPICAL TERM
Topical term or geographic name entry element القانون الجنائى الدولى
700 0# - ADDED ENTRY--PERSONAL NAME
Personal name عواد العبيدي
Relator term مؤلف.
856 40 - ELECTRONIC LOCATION AND ACCESS
Uniform Resource Identifier <a href="https://fll.law.cu.edu.eg/fulltext/bks/B11-04799.pdf">https://fll.law.cu.edu.eg/fulltext/bks/B11-04799.pdf</a>
905 ## - Cataloger and Reviser Names
Cataloger Name:
942 ## - ADDED ENTRY ELEMENTS (KOHA)
Source of classification or shelving scheme Dewey Decimal Classification
Suppress in OPAC No
Koha item type Books
Edition 21
Holdings
Withdrawn status Lost status Source of classification or shelving scheme Damaged status Not for loan Collection Home library Current library Date acquired Total checkouts Full call number Barcode Date last seen Copy number Price effective from Koha item type
    Dewey Decimal Classification   Not for loan القانون الدولي العام جــــامعة القــاهرة مكتبة كلية الحقوق - المبنى الرئيسي 27.10.2025   Law1 11 341.77 ن ب . م 1 ed - 2019 1104799 C1 B11-04799 27.10.2025 1 27.10.2025 Books

© All rights reserved — Faculty of Law, Cairo University